000 00853nam a2200253Ia 4500
003 OSt
005 20221005105658.0
006 a|||||r|||| 00| 0
007 ta
008 221004b |||||||| |||| 00| 0 hin d
020 _a8170553016
024 _a23383
037 _cTextual
040 _aCRL
_cCRL
_bhin
041 _2hin
_ahin
082 _aA:(Y), 152N3
100 _aसिंह, महेन्द्र प्रसाद
245 0 _aविज्ञान का दर्शन और राजनीति
246 _aVijnyān kā darshan aur rājanīti
260 _aनई दिल्ली
_bवाणी प्रकाशन भारत
_c1993
300 _a159पृ0
_ccm.
942 _hA:(Y), 152N3
_cTEXL
_2cc
999 _c1016545
_d1016545